|
|
|
|
| LEADER |
00000nab a2200000uu 4500 |
| 001 |
vtls011144991 |
| 003 |
SK-MaSNL |
| 005 |
20260303145739.0 |
| 008 |
230222|2002 xo |||||||||||||||||ita| |
| 015 |
|
|
|a SNBRB
|
| 035 |
|
|
|a (urnnbn)urn:nbn:sk:snk:ar-008ikl
|
| 035 |
|
|
|a (uuid)39848cbd-4374-4af8-94d3-dd158649f66d
|
| 035 |
|
|
|a urn:nbn:sk:snk-abavw0
|
| 040 |
|
|
|a SNKBUCL
|b slo
|c SNKBUCL
|e AACR2
|
| 041 |
0 |
|
|a ita
|
| 044 |
|
|
|a xo
|c SK
|
| 100 |
1 |
|
|a Takács, József
|4 aut
|9 320614
|
| 245 |
1 |
0 |
|a PAVESE POETA EUROPEO
|c József Takács
|
| 773 |
0 |
|
|t Zborník Filozofickej fakulty Univerzity Komenského
|g Roč. 55, č. 1 (2002), s. 17-20
|
| 958 |
|
|
|a OND
|
| 958 |
|
|
|a EUIPO
|
| 958 |
|
|
|a article14
|
| 999 |
|
|
|c 2004913
|d 2006843
|